| 000 | 00993nam a2200349Ia 4500 | ||
|---|---|---|---|
| 001 | 6175 | ||
| 003 | 12310 | ||
| 005 | 20250208062725.0 | ||
| 008 | ||||||n9999 ||| || || | ||
| 020 | _a9586430367 | ||
| 041 | _aspa | ||
| 082 |
_221 _a343 |
||
| 100 |
_aSantander, Francisco de Paula _923916 |
||
| 245 | 0 | _aProceso seguido al general Francisco de Paula Santander por consecuencia del acontecimiento de la noche del 25 de septiembre de 1828 en Bogota | |
| 260 |
_aBogotá : _bFundación Francisco de Paula Santander, _c1988. |
||
| 300 | _a384p | ||
| 490 |
_aColección documento _v11 |
||
| 562 | _e1 | ||
| 650 | 0 |
_aCOMPENDIO DE DOCUMENTOS _97936 |
|
| 650 |
_aCONSPIRACION _910754 |
||
| 650 |
_aEXILIO _910755 |
||
| 650 |
_aPROCESO JUDICIAL _910756 |
||
| 650 |
_aSANTANDER, FRANCISCO DE PAULA, 1792-1840 _95156 |
||
| 942 | _cBKM | ||
| 942 | _cBKM | ||
| 999 |
_c6175 _d6175 |
||
| 526 | _a4969 | ||
| 526 | _a19790 | ||
| 526 | _a104436 | ||
| 526 | _a5144 | ||
| 526 | _a51868 | ||
| 526 | _a1697 | ||